Pražské zlomky /

Hlavní autor: Mareš, František Václav, 1922-1994
Korporativní autor: Univerzita Karlova. Filozofická fakulta
Jazyk: Čeština
Vydáno: Praha : [Filosofická fakulta University Karlovy], 1949
Fyzický popis: 254 s.
Knihy
Uloženo v:
LEADER 00722nam a2200205 a 4500
001 000640323
003 CZ BrMZK
005 20030318160026.0
007 ta
008 021204s1949 xr f cze d
040 |a BOA001  |b cze  |c BOA001 
100 1 |a Mareš, František Václav,  |d 1922-1994  |7 jk01080180  |4 dis 
245 1 0 |a Pražské zlomky /  |c František Václav Mareš 
260 |a Praha :  |b [Filosofická fakulta University Karlovy],  |c 1949 
300 |a 254 s. 
502 |a Disertace -- Univerzita Karlova, 1949 
710 2 |a Univerzita Karlova.  |b Filozofická fakulta  |7 kn20010710340 
910 |a BOA001  |b 4-0237.356 
990 |a BK 
996 7 |b 2619204550  |c 4-0237.356  |l MZK  |r Sklad / do 24 hodin  |n 2  |w 000640323  |u 000010  |a 1  |e BOA001  |j MZK50  |s A